000 00600nam a2200181 4500
001 126823
003 ES-MaACL
005 20230906192904.0
007 t|
008 070214s1926 sp r ||||1| spa d
100 1 _aRibas, I.
_996722
245 1 0 _aSobre la preparación de la monoclorhidrina de la glicerina pura /
_cpor I. Ribas y E. Fourneau.
260 _aMadrid :
_b[s. n.],
_c1926.
300 _a2 h. ;
_c22 cm.
500 _aEs tirada aparte de: Anales de la Sociedad Española de Física y Química, t. XXIV, p. 165-167.
700 1 _aFourneau, E.
_951966
852 _aES-MaACL
_j1704-F-23
999 _c126823
_d126823